000 00654nam a2200217 i 4500
001 95899
003 ES-MaACL
005 20250522203628.0
007 t|
008 050607s1965 sp ||||1| cat d
100 1 _aMcCullers, Carson.
_979546
245 1 3 _aEl cor és un caçador solitari /
_cCarson McCullers; traducción de Ramón Folch i Camarasa.
250 _a1ª ed.
260 _aBarcelona :
_bEd. 62,
_c1965.
300 _a376 p. ;
_c20 cm.
490 1 _aEl balancí ;
_v5
700 1 _aFolch i Camarasa, Ramon,
_d1926-
_951450
830 0 _aEl balancí ;
_v5
_9182050
852 _aES-MaACL
_jC-27850
_bR.56717
999 _c95899
_d95899